<?xml version="1.0" encoding="UTF-8"?>
<record
    xmlns:xsi="http://www.w3.org/2001/XMLSchema-instance"
    xsi:schemaLocation="http://www.loc.gov/MARC21/slim http://www.loc.gov/standards/marcxml/schema/MARC21slim.xsd"
    xmlns="http://www.loc.gov/MARC21/slim">

  <leader>01512nam0a2200337 i 4500</leader>
  <controlfield tag="001">RU\NLR\bibl\1968395</controlfield>
  <controlfield tag="005">20241104161826.0</controlfield>
  <datafield tag="010" ind1=" " ind2=" ">
    <subfield code="a">9785855380743</subfield>
    <subfield code="9">2000</subfield>
  </datafield>
  <datafield tag="021" ind1=" " ind2=" ">
    <subfield code="a">RU</subfield>
    <subfield code="b">2012-3154&#x438;</subfield>
    <subfield code="9">369&#x438;</subfield>
  </datafield>
  <datafield tag="035" ind1=" " ind2=" ">
    <subfield code="a">(NLR Aleph) 001957276</subfield>
  </datafield>
  <datafield tag="090" ind1=" " ind2=" ">
    <subfield code="a">3776855</subfield>
    <subfield code="c">3776856</subfield>
  </datafield>
  <datafield tag="100" ind1=" " ind2=" ">
    <subfield code="a">20121119d2012    u  y0rusy50      ca</subfield>
  </datafield>
  <datafield tag="101" ind1="1" ind2=" ">
    <subfield code="a">rus</subfield>
    <subfield code="a">eng</subfield>
    <subfield code="c">eng</subfield>
  </datafield>
  <datafield tag="102" ind1=" " ind2=" ">
    <subfield code="a">RU</subfield>
  </datafield>
  <datafield tag="105" ind1=" " ind2=" ">
    <subfield code="a">a   |||||||||</subfield>
  </datafield>
  <datafield tag="200" ind1="1" ind2=" ">
    <subfield code="a">&#x412;&#x43B;&#x430;&#x434;&#x438;&#x432;&#x43E;&#x441;&#x442;&#x43E;&#x43A;&#x441;&#x43A;&#x438;&#x439; &#x430;&#x43B;&#x44C;&#x431;&#x43E;&#x43C;</subfield>
    <subfield code="d">The Vladivostok album</subfield>
    <subfield code="f">&#x42D;&#x43B;&#x435;&#x43E;&#x43D;&#x43E;&#x440;&#x430; &#x41B;&#x43E;&#x440;&#x434; &#x41F;&#x440;&#x435;&#x439;</subfield>
    <subfield code="g">&#x43F;&#x435;&#x440;. &#x441; &#x430;&#x43D;&#x433;&#x43B;. &#x41C;&#x430;&#x43A;&#x441;&#x438;&#x43C;&#x430; &#x41D;&#x435;&#x43C;&#x446;&#x43E;&#x432;&#x430;</subfield>
    <subfield code="g">&#x441;&#x43E;&#x441;&#x442;., &#x43F;&#x440;&#x435;&#x434;&#x438;&#x441;&#x43B;. &#x438; &#x43A;&#x43E;&#x43C;&#x43C;&#x435;&#x43D;&#x442;. &#x411;&#x438;&#x440;&#x433;&#x438;&#x442;&#x442;&#x44B; &#x418;&#x43D;&#x433;&#x435;&#x43C;&#x430;&#x43D;&#x441;&#x43E;&#x43D;</subfield>
    <subfield code="z">eng</subfield>
  </datafield>
  <datafield tag="210" ind1=" " ind2=" ">
    <subfield code="a">Vladivostok</subfield>
    <subfield code="c">&#x420;&#x443;&#x431;&#x435;&#x436;</subfield>
    <subfield code="d">2012</subfield>
  </datafield>
  <datafield tag="215" ind1=" " ind2=" ">
    <subfield code="a">143 &#x441;.</subfield>
    <subfield code="c">&#x438;&#x43B;., &#x43F;&#x43E;&#x440;&#x442;&#x440;., &#x444;&#x430;&#x43A;&#x441;.</subfield>
    <subfield code="d">23&#x445;27</subfield>
  </datafield>
  <datafield tag="300" ind1=" " ind2=" ">
    <subfield code="a">&#x410;&#x432;&#x442;. &#x442;&#x430;&#x43A;&#x436;&#x435; &#x43D;&#x430; &#x430;&#x43D;&#x433;&#x43B;. &#x44F;&#x437;.: Eleanor L. Pray</subfield>
  </datafield>
  <datafield tag="300" ind1=" " ind2=" ">
    <subfield code="a">&#x422;&#x435;&#x43A;&#x441;&#x442; &#x43F;&#x430;&#x440;&#x430;&#x43B;. &#x43D;&#x430; &#x440;&#x443;&#x441;. &#x438; &#x430;&#x43D;&#x433;&#x43B;. &#x44F;&#x437;.</subfield>
  </datafield>
  <datafield tag="510" ind1="1" ind2=" ">
    <subfield code="6">z20790</subfield>
    <subfield code="a">The Vladivostok album</subfield>
    <subfield code="z">eng</subfield>
  </datafield>
  <datafield tag="607" ind1=" " ind2=" ">
    <subfield code="a">&#x412;&#x43B;&#x430;&#x434;&#x438;&#x432;&#x43E;&#x441;&#x442;&#x43E;&#x43A;, &#x433;&#x43E;&#x440;&#x43E;&#x434;</subfield>
    <subfield code="j">&#x410;&#x43B;&#x44C;&#x431;&#x43E;&#x43C;&#x44B;</subfield>
    <subfield code="x">&#x418;&#x441;&#x442;&#x43E;&#x440;&#x438;&#x44F;</subfield>
    <subfield code="z">&#x43A;&#x43E;&#x43D;. 19 - 1-&#x44F; &#x442;&#x440;&#x435;&#x442;&#x44C; 20 &#x432;&#x432;.</subfield>
    <subfield code="9">2600401</subfield>
    <subfield code="3">RU\NLR\auth\661536959</subfield>
  </datafield>
  <datafield tag="686" ind1=" " ind2=" ">
    <subfield code="a">&#x422;3(2&#x420;-4&#x41F;&#x440;-2&#x412;)52&#x44F;6</subfield>
  </datafield>
  <datafield tag="700" ind1=" " ind2="1">
    <subfield code="4">070</subfield>
    <subfield code="7">ca</subfield>
    <subfield code="8">rus</subfield>
    <subfield code="a">&#x41F;&#x440;&#x435;&#x439;</subfield>
    <subfield code="b">&#x42D;. &#x41B;.</subfield>
    <subfield code="f">1868-1954</subfield>
    <subfield code="g">&#x42D;&#x43B;&#x435;&#x43E;&#x43D;&#x43E;&#x440;&#x430; &#x41B;&#x43E;&#x440;&#x434;</subfield>
    <subfield code="9">209081</subfield>
    <subfield code="3">RU\NLR\AUTH\770209135</subfield>
  </datafield>
  <datafield tag="702" ind1=" " ind2="1">
    <subfield code="a">&#x418;&#x43D;&#x433;&#x435;&#x43C;&#x430;&#x43D;&#x441;&#x43E;&#x43D;</subfield>
    <subfield code="b">&#x411;.</subfield>
    <subfield code="g">&#x411;&#x438;&#x440;&#x433;&#x438;&#x442;&#x442;&#x430;</subfield>
    <subfield code="4">220</subfield>
  </datafield>
  <datafield tag="790" ind1=" " ind2="1">
    <subfield code="6">z20510</subfield>
    <subfield code="a">Pray</subfield>
    <subfield code="b">E. L.</subfield>
    <subfield code="g">Eleanor Lord</subfield>
    <subfield code="4">070</subfield>
  </datafield>
  <datafield tag="801" ind1=" " ind2="0">
    <subfield code="a">RU</subfield>
    <subfield code="b">NLR</subfield>
    <subfield code="c">20121119</subfield>
    <subfield code="g">RCR</subfield>
  </datafield>
  <datafield tag="801" ind1=" " ind2="1">
    <subfield code="a">RU</subfield>
    <subfield code="b">NLR</subfield>
    <subfield code="c">20121119</subfield>
  </datafield>
  <datafield tag="942" ind1=" " ind2=" ">
    <subfield code="c">BOOK</subfield>
  </datafield>
  <datafield tag="980" ind1=" " ind2=" ">
    <subfield code="a">NBR</subfield>
  </datafield>
</record>
